GSD - Die Gestaltung des Straßennetzes im Donaueuropäischen Raum unter besonderer Berücksichtigung des Wirtschaftsstandortes Österreich (Record no. 5961)

MARC details
000 -LEADER
fixed length control field 00583nas a22001697i 4500
001 - CONTROL NUMBER
control field 6374
003 - CONTROL NUMBER IDENTIFIER
control field OSt
005 - DATE AND TIME OF LATEST TRANSACTION
control field 20170126082355.0
007 - PHYSICAL DESCRIPTION FIXED FIELD--GENERAL INFORMATION
fixed length control field tu
008 - FIXED-LENGTH DATA ELEMENTS--GENERAL INFORMATION
fixed length control field 161220s1999 xxu||||| |||| 00| 0 d
024 7# - OTHER STANDARD IDENTIFIER
Standard number or code 6374
Source of number or code RID
024 7# - OTHER STANDARD IDENTIFIER
Standard number or code 6374
Source of number or code RSN (alt)
040 ## - CATALOGING SOURCE
Transcribing agency OSt
110 2# - MAIN ENTRY--CORPORATE NAME
Corporate name or jurisdiction name as entry element Bundesministerium für wirtschaftliche Angelegenheiten
245 00 - TITLE STATEMENT
Title GSD - Die Gestaltung des Straßennetzes im Donaueuropäischen Raum unter besonderer Berücksichtigung des Wirtschaftsstandortes Österreich
Remainder of title Hauptergebnisse
260 ## - PUBLICATION, DISTRIBUTION, ETC.
Place of publication, distribution, etc. Wien :
Name of publisher, distributor, etc. Bundesministerium für wirtschaftliche Angelegenheiten,
Date of publication, distribution, etc. 1999.
942 ## - ADDED ENTRY ELEMENTS (KOHA)
Koha item type Journal
Holdings
Withdrawn status Lost status Damaged status Not for loan Home library Current library Shelving location Date acquired Inventory number Total Checkouts Barcode Date last seen Price effective from Koha item type
        WIIW WIIW Library 08/04/2004 6374   10001869 01/26/2017 01/26/2017 Journal
The Vienna Instiute for International Economic Studies (wiiw)